000 00634nam a2200253Ia 4500
003 OSt
005 20221006144352.0
006 a|||||r|||| 00| 0
007 ta
008 221006b |||||||| |||| 00| 0 eng d
024 _a11,528
037 _cTextual
040 _aEASL
_cEASL
_beng
041 _2eng
_aeng
082 _aU.41.N8, M3;1
100 _aJUNHUA Zhong
_9651835
245 0 _aSights and secnes of suzhou
260 _aBeijing
_bZhaoua Pub.
_c1983
300 _a126p.
_ccm.
490 _v CEL
650 _aCEL
942 _hU.41.N8, M3;1
_cTEXL
_2CC
999 _c1079614
_d1079614